3rd Largest US Cities by Decade - Statistics

General Stats
  • This quiz has been taken 1,006 times
    795 since last reset
  • The average score is 5 of 7
Answer Stats
City % Correct
Chicago
95%
Los Angeles
91%
Boston
89%
Philadelphia
87%
Baltimore
60%
New Orleans
36%
Brooklyn
28%
No matching quizzes found
Score Distribution
Percent of People with Each Score
Percentile by Number Answered
Your Score History
You have not taken this quiz since the last reset